| 000 | 00357cam a2200145ua 4500 | ||
|---|---|---|---|
| 041 |
_amal _h |
||
| 082 |
_a894.8122 _bRAM/RA |
||
| 100 | _aRamakrishnan, Malayattoor. | ||
| 245 |
_aRavanan / _cRamakrishnapillai. _hTextual Documents |
||
| 260 |
_a : _bSahithiya pravathaka , _c1959. |
||
| 300 | _a77 ; . | ||
| 504 | _a | ||
| 942 | _cBK | ||
| 999 |
_c11732 _d11732 |
||